El amor conyugal (Record no. 144607)

MARC details
000 -LEADER
campo de control de longitud fija 00555nam a2200169 4500
001 - NÚMERO DE CONTROL
campo de control 144607
003 - IDENTIFICADOR DE NÚMERO DE CONTROL
campo de control ES-MaACL
005 - FECHA Y HORA DE LA ÚLTIMA TRANSACCIÓN
campo de control 20230906201046.0
007 - CAMPO FIJO DE DESCRIPCIÓN FÍSICA--INFORMACIÓN GENERAL
campo de control de longitud fija t|
008 - DATOS DE LONGITUD FIJA--INFORMACIÓN GENERAL
campo de control de longitud fija 070214s1965 sp r ||||1| spa d
100 1# - ENTRADA PRINCIPAL--NOMBRE DE PERSONA
Nombre de persona Smedt, Emile Joseph de.
9 (RLIN) 106817
245 13 - MENCIÓN DEL TÍTULO
Título El amor conyugal
Resto del título : pastoral y diálogo /
Mención de responsabilidad, etc. E. J. de Smedt, Obispo de Brujas ; [versión castellana de J. Vallverdú].
260 ## - PUBLICACIÓN, DISTRIBUCIÓN, ETC.
Lugar de publicación, distribución, etc. Barcelona :
Nombre del editor, distribuidor, etc. Herder,
Fecha de publicación, distribución, etc. 1965 (
Fabricante Grafesa)
300 ## - DESCRIPCIÓN FÍSICA
Extensión 173 p. ;
Dimensiones 18 cm.
700 1# - ENTRADA AGREGADA--NOMBRE PERSONAL
Nombre de persona Vallverdú, Josep.
9 (RLIN) 112965
852 ## - LOCALIZACIÓN
Ubicación ES-MaACL
Número de control de estantería F-7312
Sublocalización o colección R.56723
Holdings
Estatus retirado Estado de pérdida Estado de daño No para préstamo Biblioteca de origen Biblioteca actual Ubicación en estantería Fecha de adquisición Fuente de adquisición Total de préstamos Signatura topográfica completa Código de barras Visto por última vez Precio de reemplazo Tipo de ítem Koha
        Biblioteca del Ateneo de Madrid Biblioteca del Ateneo de Madrid Depósito 2 17/01/2008     F-7312 1150612 23/02/2023 23/02/2023 Libro impreso